| 000 | 01051nam a2200205 i 4500 | ||
|---|---|---|---|
| 001 | 90901 | ||
| 003 | ES-MaACL | ||
| 005 | 20251116063057.0 | ||
| 007 | t| | ||
| 008 | 050126s1913 sp ||||1| spa d | ||
| 080 | _a94(460) | ||
| 100 | 1 |
_aLema, Salvador Bermúdez de Castro y O'Lawlor, _cMarqués de _971444 |
|
| 245 | 1 | 0 |
_aEstudios históricos y críticos _b: primera serie / _cMarqués de Lema. |
| 260 |
_aMadrid : _b[s.n.], _c1913 ( _fJaime Ratés Martín) |
||
| 300 |
_a252 p., [1] h. de lám. ; _c24 cm. |
||
| 505 | 8 | _aContiene: Un cuadro de Velázquez ; El último Gran Maestre español de la Orden de San Juan de Jerusalén: Don Francisco Jiménez de Tejada (1703-1774) ; Bonaparte y una infanta española: un proyecto olvidado de matrimonio ; Un olvido del Príncipe de la Paz ; Un proyecto inédito de testamento de Fernando VII ; Don Joaquín Aguirre ; Macaulay-Cánovas ; Un testigo de importantes sucesos: el general O'Lawlor | |
| 651 | 4 |
_aEspaña- _xHistoria. _98209 |
|
| 852 |
_aES-MaACL _jB-13103 |
||
| 999 |
_c90901 _d90901 |
||